000 01774cam a22004094i 4500
003 PE-LiUPU
005 20250731173209.0
008 150625s1989 ck r 000 0 spa d
035 _a(Sirsi) a31874
040 _aPE-LiUPU
_bspa
_cPE-LiUPU
_erda
049 _aPRUA
082 0 4 _a221.92 / S / 44
_bM26
_221
100 1 _aMartini, Carlos Maria,
_eautor.
245 1 0 _aDavid Pecador y Creyente.
264 1 _aSantander :
_bSal Terrae,
_c1989.
300 _a207 páginas ;
_c21 centímetros
336 _atext
_2rdacontent
337 _aunmediated
_2rdamedia
338 _avolume
_2rdacarrier
505 0 _aDios ama a David. -FInes de los ejercicios. -David, pecador y creyente. -La inadvertencia de las circunstancias. -La confesion de David. -David y la cristología. -Coraje de david. -Coraje de David. Coraje de Jesus. -Amistad de David. Amistad de Jesus. -Libertad de David. Libertad de Jesus. -Humildad de David. -Humildad de Jesus. -Pruebas de David. Pruebas de Jesus. -La cruz del resucitado, clave de la historia. -Ideal de David. Ideal de Jesus. Ideal del pueblo de Dios. -Las raices de David.
526 _aSEG42
526 _aSEG41
526 _aSEG40
526 _aSEG39
526 _aP94
526 _aP87
526 _aP86
526 _aP85
526 _aP77
526 _aP76
526 _aP35
942 _2ddc
_cBOOK
949 _a221.92 / S / 44 M26
_wDEWEY
_c1
_i36787
_lCCODEBUL1
_mBUL
_p00.00
_r0
_sY
_tBOOK
_u2015-06-25
_xBIBLIOTECA
_zUNKNOWN
_0COMPRA
_o.STAFF. Colección General
596 _a1
999 _a221.92 / S / 44 M26
_wDEWEY
_c39470
_i36787
_d39470
_e2022-6-6
_f2021-11-9
_g5
_lCCODEBUL1
_mBUL
_n2
_r0
_sY
_tBOOK
_u2015-6-25
_xTEOLOGIA
_zUNKNOWN
_0COMPRA
_o.STAFF. Colección General
980 _81
_gALBERTO SANCHEZ Responsable de Automatización